[Event "Mumbai Aurionpro GM op"]
[Site "Mumbai"]
[Date "2025.06.23"]
[Round "8"]
[White "Shankhodip, De"]
[Black "Sarwat, Walaa"]
[Result "1-0"]
[WhiteElo "2117"]
[BlackElo "2053"]
[PlyCount "79"]
[EventDate "2025.06.16"]
[EventType "swiss"]
[EventRounds "9"]
[EventCountry "IND"]
[SourceTitle "CB26_2025"]
[SourceDate "2025.06.25"]
[SourceVersion "1"]
[SourceVersionDate "2025.06.25"]
[SourceQuality "1"]

1. e4 e5 2. Nf3 Nc6 3. Bb5 a6 4. Ba4 Nf6 5. 0-0 Be7 6. Re1 b5 7. Bb3 0-0 8. h3 d6 9. c3 Bb7 10. d4 Na5 11. Bc2 exd4 12. cxd4 c5 13. d5 Nd7 14. Nbd2 Bf6 15. Rb1 c4 16. b4 cxb3 17. axb3 Rc8 18. Nf1 Bc3 19. Re2 Ne5 20. N3h2 b4 21. f4 Nd7 22. Ng3 Nf6 23. Be3 Re8 24. Qd3 g6 25. Rf1 Ba8 26. Bd4 Nxd5 27. Ng4 Bxd4+ 28. Qxd4 Qh4 29. exd5 Rxe2 30. Nxe2 Rxc2 31. Qe4 Rc8 32. f5 Qg5 33. Qxb4 h5 34. fxg6 hxg4 35. gxf7+ Kh7 36. Qe4+ Kg7 37. Qd4+ Kh7 38. f8Q Rxf8 39. Rxf8 Bxd5 40. Qh8+ 1-0

[Event "Bhubaneswar op 16th"]
[Site "Bhubaneswar"]
[Date "2025.05.15"]
[Round "9"]
[White "Harshit, Ranjan Sahu"]
[Black "Sarwat, Walaa"]
[Result "0-1"]
[WhiteElo "2214"]
[BlackElo "2039"]
[PlyCount "82"]
[EventDate "2025.05.09"]
[EventType "swiss"]
[EventRounds "10"]
[EventCountry "IND"]
[SourceTitle "CB21_2025"]
[SourceDate "2025.05.21"]
[SourceVersion "1"]
[SourceVersionDate "2025.05.21"]
[SourceQuality "1"]

1. e4 e5 2. Nf3 Nc6 3. d4 exd4 4. Bc4 Nf6 5. e5 Ne4 6. 0-0 Be7 7. Bd5 Nc5 8. Nxd4 Nxd4 9. Qxd4 0-0 10. Nc3 c6 11. Bf3 d5 12. exd6 Qxd6 13. Qe3 Bf5 14. b3 Ne6 15. Be4 Bxe4 16. Nxe4 Qe5 17. Rb1 f5 18. Ng3 Qxe3 19. fxe3 g6 20. c4 a5 21. e4 f4 22. Ne2 g5 23. Bb2 Rfd8 24. Rfd1 a4 25. Rxd8+ Rxd8 26. Bc3 axb3 27. axb3 Rd3 28. b4 Re3 29. Kf1 Rxe4 30. c5 Nc7 31. Ra1 Nd5 32. Bd4 g4 33. Kf2 Nxb4 34. Ra8+ Kf7 35. Bc3 Bxc5+ 36. Kf1 Nd5 37. Bd2 Bb4 38. Ra4 b5 39. Ra7+ Kg6 40. Bxb4 Rxb4 41. Ra6 Rc4 0-1

[Event "Goa op"]
[Site "Taleigao"]
[Date "2025.01.12"]
[Round "3"]
[White "Vaz, Ethan"]
[Black "Sarwat, Walaa"]
[Result "1-0"]
[WhiteElo "2412"]
[BlackElo "2088"]
[PlyCount "95"]
[EventDate "2025.01.11"]
[EventType "swiss"]
[EventRounds "10"]
[EventCountry "IND"]
[SourceTitle "CB04_2025"]
[SourceDate "2025.01.22"]
[SourceVersion "1"]
[SourceVersionDate "2025.01.22"]
[SourceQuality "1"]

1. e4 e5 2. Nf3 Nc6 3. Bb5 a6 4. Ba4 Nf6 5. 0-0 Be7 6. Re1 b5 7. Bb3 0-0 8. a4 Bb7 9. d3 d6 10. h3 Na5 11. Ba2 b4 12. Nbd2 Nd7 13. c3 bxc3 14. bxc3 Nc5 15. Bb1 Ne6 16. d4 exd4 17. cxd4 d5 18. Qc2 g6 19. Ba3 Bxa3 20. Rxa3 dxe4 21. Nxe4 Bxe4 22. Rxe4 Qd6 23. Rc3 Rae8 24. Ba2 Ng7 25. Rc5 Nb7 26. Rxe8 Nxe8 27. Rc6 Qa3 28. Rxa6 Nbd6 29. Rc6 Nf5 30. Rc5 Qb4 31. Qb3 Qxb3 32. Bxb3 Ned6 33. Rxc7 Rb8 34. Bd5 Rb4 35. Rd7 Rxa4 36. g4 Ra5 37. Bc6 Nxd4 38. Nxd4 Nc4 39. Nf3 Rc5 40. Bd5 Nb6 41. Bxf7+ Kf8 42. Rb7 Nc8 43. Nd4 Rc1+ 44. Kg2 Ne7 45. Bb3 Rb1 46. Ne6+ Kf7 47. Ng5+ Kg7 48. Rxe7+ 1-0

[Event "Bhubaneswar Odisha op"]
[Site "Bhubaneswar"]
[Date "2024.12.20"]
[Round "8"]
[White "Nguyen, Duc Hoa"]
[Black "Sarwat, Walaa"]
[Result "1-0"]
[WhiteElo "2358"]
[BlackElo "2092"]
[PlyCount "109"]
[EventDate "2024.12.15"]
[EventType "swiss"]
[EventRounds "10"]
[EventCountry "IND"]
[SourceTitle "CB52_2024"]
[SourceDate "2024.12.25"]
[SourceVersion "1"]
[SourceVersionDate "2024.12.25"]
[SourceQuality "1"]

1. e4 e5 2. Nf3 Nc6 3. d4 exd4 4. Nxd4 Nf6 5. Nxc6 bxc6 6. Qd4 Be7 7. Nc3 Bb7 8. e5 Nd5 9. Bc4 Nb6 10. Bd3 c5 11. Qg4 g6 12. Bh6 d5 13. exd6 Qxd6 14. 0-0-0 Qe6 15. Bb5+ c6 16. Qxe6 fxe6 17. Be2 Nd5 18. Ne4 0-0-0 19. c4 Nf6 20. Nc3 Rd4 21. Be3 e5 22. b3 Kc7 23. Bf3 Rf8 24. Rhe1 Bc8 25. Bh6 Rfd8 26. Bg5 Kd6 27. Ne2 Rxd1+ 28. Rxd1+ Kc7 29. Rxd8 Bxd8 30. Nc3 Bf5 31. h3 h5 32. Kb2 Be7 33. Ka3 Kd7 34. Be3 Kc7 35. Kb2 Bd6 36. Kc1 Nd7 37. g4 hxg4 38. hxg4 Be6 39. Ne4 Be7 40. Be2 a5 41. a4 Kb6 42. f3 Nf8 43. Bd3 Nh7 44. Kd2 Bg8 45. Bh6 Bf7 46. Ke3 Nf8 47. Bg7 Nd7 48. g5 Kc7 49. Kf2 Nf8 50. Bxe5+ Kb6 51. Bf6 Bxf6 52. gxf6 Ne6 53. Nd6 Nf4 54. Nxf7 Nxd3+ 55. Ke3 1-0

[Event "Sousse BICA op 1st"]
[Site "Sousse"]
[Date "2021.12.27"]
[Round "5"]
[White "Sarwat, Walaa"]
[Black "Zaibi, Amir"]
[Result "1/2-1/2"]
[WhiteElo "2222"]
[BlackElo "2405"]
[PlyCount "88"]
[EventDate "2021.12.24"]
[EventType "swiss"]
[EventRounds "9"]
[EventCountry "TUN"]
[SourceTitle "CBM 205 Extra"]
[Source "ChessBase"]
[SourceDate "2022.01.31"]
[SourceVersion "1"]
[SourceVersionDate "2022.01.31"]
[SourceQuality "1"]

1. e4 c5 2. Nf3 e6 3. d4 cxd4 4. Nxd4 Nc6 5. Nb5 Nf6 6. N1c3 Bb4 7. a3 Bxc3+ 8. Nxc3 d5 9. exd5 exd5 10. Bd3 0-0 11. 0-0 d4 12. Ne2 Bg4 13. f3 Bh5 14. b4 Qb6 15. Bb2 Rad8 16. Kh1 Bg6 17. Re1 Rfe8 18. Qd2 a5 19. Rab1 axb4 20. axb4 Bxd3 21. Qxd3 Qxb4 22. Ba1 Qa5 23. Red1 Re3 24. Qd2 Qe5 25. Nxd4 Nxd4 26. Qb4 Re2 27. Bxd4 Qg5 28. Bf2 Rde8 29. Qh4 h6 30. Rxb7 Rxc2 31. Rg1 Ree2 32. Qxg5 hxg5 33. Bg3 Nh5 34. Rb5 f6 35. Ra5 Kf7 36. Ra7+ Kg6 37. Ra6 Kh6 38. Rb6 Rc8 39. Rgb1 Rcc2 40. Rg1 g6 41. Bd6 f5 42. Bf8+ Kh7 43. Rb7+ Kg8 44. Bd6 Rc6 1/2-1/2

[Event "Gujarat op 2nd"]
[Site "Ahmedabad"]
[Date "2019.09.22"]
[Round "1"]
[White "Sarwat, Walaa"]
[Black "Daakshin, Arun"]
[Result "1-0"]
[WhiteElo "2236"]
[BlackElo "1691"]
[PlyCount "77"]
[EventDate "2019.09.22"]
[EventType "swiss"]
[EventRounds "10"]
[EventCountry "IND"]
[SourceTitle "EXT 2020"]
[Source "ChessBase"]
[SourceDate "2019.10.17"]
[SourceVersion "1"]
[SourceVersionDate "2019.10.17"]
[SourceQuality "1"]

1. e4 c5 2. Nf3 d6 3. d4 cxd4 4. Qxd4 Nc6 5. Bb5 Bd7 6. Bxc6 Bxc6 7. Nc3 Nf6 8. Bg5 e5 9. Qd3 h6 10. Bh4 Be7 11. 0-0-0 g5 12. Bg3 0-0 13. h4 g4 14. Nd2 Qc7 15. Nc4 Rad8 16. Ne3 b5 17. Nf5 b4 18. Nd5 Bxd5 19. exd5 Rc8 20. Nxh6+ Kg7 21. Nf5+ Kg8 22. Rd2 Qd7 23. f3 Rc5 24. Nxe7+ Qxe7 25. Qf5 Rxd5 26. Rxd5 Nxd5 27. Qxg4+ Kh8 28. Qe4 Qe6 29. Rd1 Qh6+ 30. Kb1 Ne3 31. Rxd6 f6 32. Bxe5 Nxg2 33. Qf5 Ne3 34. Bxf6+ Rxf6 35. Qxf6+ Qxf6 36. Rxf6 Kg7 37. Ra6 Nc4 38. Rxa7+ Kh6 39. Kc1 1-0

[Event "Udaipur Lakecity op 1st"]
[Site "Udaipur"]
[Date "2019.09.18"]
[Round "8"]
[White "Sinthia, Sarkar"]
[Black "Sarwat, Walaa"]
[Result "0-1"]
[WhiteElo "1474"]
[BlackElo "2236"]
[PlyCount "151"]
[EventDate "2019.09.13"]
[EventType "swiss"]
[EventRounds "10"]
[EventCountry "IND"]
[SourceTitle "EXT 2020"]
[Source "ChessBase"]
[SourceDate "2019.10.17"]
[SourceVersion "1"]
[SourceVersionDate "2019.10.17"]
[SourceQuality "1"]

1. e4 e5 2. Nf3 Nc6 3. d4 exd4 4. Nxd4 Nf6 5. Nc3 Bb4 6. Nxc6 bxc6 7. Bd3 d6 8. 0-0 Bxc3 9. bxc3 h6 10. h3 0-0 11. Re1 Re8 12. e5 dxe5 13. Rxe5 Be6 14. Re1 Nd5 15. Qh5 Qf6 16. Bd2 Nf4 17. Bxf4 Qxf4 18. Qc5 Qd6 19. Qd4 c5 20. Qe4 g6 21. Qh4 Kg7 22. Bb5 Red8 23. Ba4 c4 24. Qe4 Rab8 25. Rad1 Qxd1 26. Rxd1 Rxd1+ 27. Kh2 Rd6 28. Qe5+ Kh7 29. Qc5 Ra6 30. Bb5 Rab6 31. Bxc4 Kg8 32. Bxe6 Rxe6 33. Qxc7 Ree8 34. Qxa7 Ra8 35. Qd7 Re4 36. Qd5 Rea4 37. c4 Rxa2 38. c5 R2a5 39. Qb7 R5a7 40. Qb6 Re7 41. Qd6 Re6 42. Qd7 Raa6 43. Qd8+ Kh7 44. Qd7 Rf6 45. f3 Rac6 46. Qd5 Rc7 47. Qe5 Rfc6 48. h4 Rxc5 49. Qf4 h5 50. Kh3 Rc4 51. c3 Rxc3 52. Kg3 Rc2 53. Kh3 Re7 54. Qb8 Kg7 55. Qf4 Rce2 56. Qd4+ Kg8 57. Qd3 Re8 58. Qb5 R2e5 59. Qd7 Ra8 60. Qd2 Rf5 61. Qe2 Rf4 62. Qe3 Rc4 63. Qe2 Raa4 64. Qe8+ Kg7 65. Qe5+ Kh7 66. g3 Ra7 67. Qe2 Rc3 68. Qf2 Raa3 69. f4 Rxg3+ 70. Qxg3 Rxg3+ 71. Kxg3 Kg7 72. Kf3 Kf6 73. Ke4 Ke6 74. Ke3 Kf5 75. Kf3 f6 76. Kg3 0-1

[Event "Udaipur Lakecity op 1st"]
[Site "Udaipur"]
[Date "2019.09.17"]
[Round "7"]
[White "Sarwat, Walaa"]
[Black "Saptarshi, Roy Chowdhury"]
[Result "1/2-1/2"]
[WhiteElo "2236"]
[BlackElo "2480"]
[PlyCount "115"]
[EventDate "2019.09.13"]
[EventType "swiss"]
[EventRounds "10"]
[EventCountry "IND"]
[SourceTitle "EXT 2020"]
[Source "ChessBase"]
[SourceDate "2019.10.17"]
[SourceVersion "1"]
[SourceVersionDate "2019.10.17"]
[SourceQuality "1"]

1. e4 c5 2. Nf3 a6 3. c4 e6 4. Nc3 Qc7 5. g3 Nc6 6. Bg2 d6 7. 0-0 Nf6 8. d4 cxd4 9. Nxd4 Nxd4 10. Qxd4 Bd7 11. b3 Be7 12. Bb2 0-0 13. Rac1 Rac8 14. h3 Rfd8 15. Rfd1 Qb8 16. a4 b6 17. Qe3 Be8 18. Kh2 Nd7 19. f4 Nc5 20. Ne2 b5 21. cxb5 axb5 22. a5 b4 23. Nd4 Bf6 24. Rc4 h6 25. Rdc1 e5 26. fxe5 Bg5 27. Qf3 Bxc1 28. Rxc1 dxe5 29. Nf5 Kf8 30. Qg4 g6 31. Nxh6 Nd3 32. Rf1 Qd6 33. Ba1 Rc1 34. Rxc1 Nxc1 35. Qg5 Nd3 36. Ng4 f6 37. Nxf6 Bf7 38. Nd5 Rc8 39. Qh6+ Kg8 40. Qe3 Rc1 41. Bxe5 Qxe5 42. Qxd3 Kg7 43. Qd2 Rc3 44. Nxc3 bxc3 45. Qa2 Be8 46. a6 Bc6 47. a7 Ba8 48. Qa6 Qc5 49. b4 Qf2 50. Qa1 Qb2 51. Qa5 c2 52. Qc7+ Kh6 53. Qf4+ Kg7 54. Qc7+ Kh6 55. Qf4+ Kg7 56. Qc7+ Kh6 57. Qb8 Bxe4 58. Bxe4 1/2-1/2

[Event "Udaipur Lakecity rapid op 1st"]
[Site "Udaipur"]
[Date "2019.09.15"]
[Round "7"]
[White "Aishwin, Daniel"]
[Black "Sarwat, Walaa"]
[Result "1-0"]
[WhiteElo "1941"]
[BlackElo "2236"]
[PlyCount "93"]
[EventDate "2019.09.14"]
[EventType "swiss (rapid)"]
[EventRounds "9"]
[EventCountry "IND"]
[SourceTitle "EXT 2020"]
[Source "ChessBase"]
[SourceDate "2019.10.17"]
[SourceVersion "1"]
[SourceVersionDate "2019.10.17"]
[SourceQuality "1"]

1. e4 e5 2. Nf3 Nc6 3. d4 exd4 4. Bc4 Nf6 5. e5 Ne4 6. Bd5 Nc5 7. 0-0 Be7 8. Re1 0-0 9. Nxd4 Nxd4 10. Qxd4 d6 11. Nc3 dxe5 12. Qxe5 Bd6 13. Qh5 c6 14. Bg5 Qb6 15. Bb3 Qb4 16. a3 Qg4 17. Qxg4 Bxg4 18. Be7 Bxe7 19. Rxe7 Rab8 20. f3 Nxb3 21. cxb3 Be6 22. b4 Rfd8 23. Ne4 Kf8 24. Rc7 Rd7 25. Rxd7 Bxd7 26. Nc5 Be8 27. Rd1 Ke7 28. Re1+ Kd8 29. Rd1+ Kc7 30. Re1 Kd6 31. Nxb7+ Rxb7 32. Rxe8 a5 33. bxa5 c5 34. Ra8 c4 35. a6 Rd7 36. a7 Kd5 37. Kf2 Kd4 38. Ke2 f5 39. Kd2 f4 40. Kc2 h6 41. h4 g5 42. hxg5 hxg5 43. b4 cxb3+ 44. Kxb3 Kd3 45. Kb4 Kd2 46. Kb5 Rd3 47. Re8 1-0

[Event "Udaipur Lakecity rapid op 1st"]
[Site "Udaipur"]
[Date "2019.09.15"]
[Round "6"]
[White "Sarwat, Walaa"]
[Black "Vlassov, Nikolai"]
[Result "0-1"]
[WhiteElo "2236"]
[BlackElo "2384"]
[PlyCount "62"]
[EventDate "2019.09.14"]
[EventType "swiss (rapid)"]
[EventRounds "9"]
[EventCountry "IND"]
[SourceTitle "EXT 2020"]
[Source "ChessBase"]
[SourceDate "2019.10.17"]
[SourceVersion "1"]
[SourceVersionDate "2019.10.17"]
[SourceQuality "1"]

1. e4 c5 2. Nf3 d6 3. d4 cxd4 4. Qxd4 e5 5. Qd1 Nf6 6. Nc3 Be7 7. Bc4 0-0 8. 0-0 a6 9. a4 Nbd7 10. Re1 Qc7 11. b3 Nb6 12. Nd5 Nfxd5 13. Bxd5 Nxd5 14. exd5 Bg4 15. c4 f5 16. h3 Bh5 17. Qc2 Bxf3 18. gxf3 f4 19. Bb2 Qd7 20. Kg2 Rf5 21. Rh1 Rh5 22. a5 Rf8 23. b4 Rf6 24. Rad1 Rg6+ 25. Kf1 Rxh3 26. Ke2 Rg2 27. Rhg1 Rxf2+ 28. Kxf2 Rh2+ 29. Rg2 Qh3 30. Rdg1 Bh4+ 31. Kf1 Qxf3+ 0-1

[Event "Udaipur Lakecity rapid op 1st"]
[Site "Udaipur"]
[Date "2019.09.14"]
[Round "3"]
[White "Garv, Gaur"]
[Black "Sarwat, Walaa"]
[Result "0-1"]
[WhiteElo "1801"]
[BlackElo "2236"]
[PlyCount "58"]
[EventDate "2019.09.14"]
[EventType "swiss (rapid)"]
[EventRounds "9"]
[EventCountry "IND"]
[SourceTitle "EXT 2020"]
[Source "ChessBase"]
[SourceDate "2019.10.17"]
[SourceVersion "1"]
[SourceVersionDate "2019.10.17"]
[SourceQuality "1"]

1. d4 d5 2. Nf3 Nf6 3. c4 dxc4 4. g3 c5 5. Bg2 Nc6 6. Qa4 cxd4 7. Ne5 Bd7 8. Nxc6 bxc6 9. Qxc4 Qb6 10. 0-0 e5 11. b3 Be7 12. e3 Rc8 13. exd4 Qxd4 14. Qc2 Qxa1 15. Nc3 0-0 16. Bb2 Bf5 17. Qd2 Rcd8 18. Bd5 Qxf1+ 19. Kxf1 cxd5 20. Ne2 d4 21. f4 d3 22. Nc3 e4 23. Nd1 Bh3+ 24. Kg1 Bc5+ 25. Kh1 e3 26. Qe1 e2 27. Nc3 Bb4 28. a3 d2 29. Qxe2 Bxc3 0-1

[Event "Arab Cities"]
[Site "Hammamet"]
[Date "2019.02.25"]
[Round "7.2"]
[White "Sarwat, Walaa"]
[Black "Hamzaoui, Khalil"]
[Result "1-0"]
[WhiteElo "2208"]
[BlackElo "1699"]
[PlyCount "61"]
[EventDate "2019.02.21"]
[EventType "team-swiss"]
[EventRounds "7"]
[EventCountry "TUN"]
[SourceTitle "CBM 189 Extra"]
[Source "ChessBase"]
[SourceDate "2019.05.31"]
[SourceVersion "1"]
[SourceVersionDate "2019.05.31"]
[SourceQuality "1"]
[WhiteTeam "Cairo"]
[BlackTeam "Omrane"]
[WhiteTeamCountry "EGY"]
[BlackTeamCountry "TUN"]

1. e4 c5 2. Nf3 d6 3. d4 cxd4 4. Qxd4 Nc6 5. Bb5 a6 6. Bxc6+ bxc6 7. c4 e5 8. Qd3 Qc7 9. Nc3 Nf6 10. Bg5 Be7 11. Rd1 0-0 12. Bxf6 gxf6 13. 0-0 Kh8 14. Nh4 Rg8 15. Kh1 Rg4 16. g3 Be6 17. Rd2 Rag8 18. f3 R4g7 19. Nd1 Qa5 20. Ne3 d5 21. cxd5 Bh3 22. Rc1 Bb4 23. Rdc2 cxd5 24. exd5 Qxa2 25. Nhf5 Rg5 26. b3 Qa5 27. d6 e4 28. fxe4 Ba3 29. Ra1 Bxf5 30. Nxf5 Rg4 31. Nh6 1-0

[Event "New Delhi Parsvnath op-A 17th"]
[Site "New Delhi"]
[Date "2019.01.10"]
[Round "3"]
[White "Sarwat, Walaa"]
[Black "Rahman, Ziaur"]
[Result "0-1"]
[WhiteElo "2265"]
[BlackElo "2470"]
[PlyCount "114"]
[EventDate "2019.01.09"]
[EventType "swiss"]
[EventRounds "10"]
[EventCountry "IND"]
[SourceTitle "CBM 188 Extra"]
[Source "ChessBase"]
[SourceDate "2019.02.28"]
[SourceVersion "1"]
[SourceVersionDate "2019.02.28"]
[SourceQuality "1"]

1. e4 g6 2. d4 Bg7 3. Nf3 d6 4. Nc3 a6 5. Be3 b5 6. Qd2 Bb7 7. Bd3 Nd7 8. a4 b4 9. Ne2 a5 10. c3 Ngf6 11. Ng3 bxc3 12. bxc3 Qc8 13. h3 Ba6 14. 0-0 0-0 15. Bxa6 Qxa6 16. Bh6 e6 17. Bxg7 Kxg7 18. e5 Ng8 19. h4 h6 20. Rfe1 d5 21. Nh2 Rab8 22. h5 Nb6 23. hxg6 fxg6 24. Reb1 Qc8 25. Qe2 Qd7 26. Qc2 Qe7 27. Qe2 h5 28. Nf3 Nh6 29. Qe3 Rbe8 30. Qg5 Rb8 31. Qe3 Rbe8 32. Qg5 Qxg5 33. Nxg5 Ng4 34. Nh3 Kh6 35. Rb5 Nc4 36. Rc5 Rb8 37. Rxc7 Rb2 38. Re7 Nxf2 39. Rf1 Ne3 40. Rxf2 Rb1+ 41. Nf1 Rxf1+ 42. Rxf1 Rxf1+ 43. Kh2 Rc1 44. Rxe6 Ng4+ 45. Kg3 Rxc3+ 46. Kf4 Rd3 47. Ng1 Ne3 48. Nf3 Nxg2+ 49. Kg3 Ne1 50. Kf2 Nxf3 51. Rd6 Nxd4 52. Rxd5 Rf3+ 53. Kg2 Rf4 54. Rxa5 Re4 55. Rc5 Ne6 56. Ra5 Kg5 57. Kf3 Kf5 0-1

[Event "Mumbai Wealth op 4th"]
[Site "Mumbai"]
[Date "2019.01.06"]
[Round "8"]
[White "Soham, Datar"]
[Black "Sarwat, Walaa"]
[Result "1-0"]
[WhiteElo "2134"]
[BlackElo "2276"]
[PlyCount "151"]
[EventDate "2018.12.30"]
[EventType "swiss"]
[EventRounds "9"]
[EventCountry "IND"]
[SourceTitle "CBM 188 Extra"]
[Source "ChessBase"]
[SourceDate "2019.02.28"]
[SourceVersion "1"]
[SourceVersionDate "2019.02.28"]
[SourceQuality "1"]

1. Nf3 d5 2. c4 dxc4 3. Qa4+ Nd7 4. Qxc4 Ngf6 5. d4 a6 6. Bf4 c5 7. dxc5 Qa5+ 8. b4 Qd8 9. Nc3 e6 10. e4 b5 11. Qb3 Bb7 12. Qc2 Rc8 13. Rd1 Bxc5 14. bxc5 Rxc5 15. Qd2 b4 16. Na4 Nxe4 17. Qxd7+ Qxd7 18. Rxd7 Kxd7 19. Nxc5+ Nxc5 20. Bc4 Bd5 21. 0-0 Bxc4 22. Ne5+ Ke7 23. Nxc4 Rc8 24. Bd6+ Ke8 25. Be5 Ne4 26. Ne3 f6 27. Bb2 Nc3 28. Bxc3 Rxc3 29. Rd1 a5 30. Kf1 f5 31. Rd2 f4 32. Nd1 Ra3 33. f3 g5 34. Ke2 Kf7 35. Nf2 h5 36. Nd3 Kf6 37. h4 e5 38. hxg5+ Kxg5 39. Kf2 Kf6 40. Nc5 Ke7 41. Kg1 Rc3 42. Ne4 Ra3 43. Kh2 Kf8 44. Nc5 Re3 45. Rd8+ Ke7 46. Rd7+ Kf6 47. Rd6+ Kf7 48. Rd2 Rc3 49. Ne4 Rc1 50. Rd5 a4 51. Ra5 a3 52. Rb5 Rb1 53. Nd2 Rb2 54. Nc4 b3 55. axb3 a2 56. Ra5 Re2 57. Nd6+ Kg6 58. Ne4 Rc2 59. Ra6+ Kg7 60. b4 h4 61. b5 Rb2 62. b6 Kg6 63. b7+ Kh5 64. Rxa2 Rxb7 65. Ra5 Re7 66. Kh3 Re6 67. Ra8 Rb6 68. Rh8+ Kg6 69. Rxh4 Rb2 70. Rg4+ Kf5 71. Rg5+ Ke6 72. Kh4 Rb6 73. Kg4 Rb2 74. Rg6+ Kd5 75. Rd6+ Kc4 76. Rd2 1-0

[Event "Mumbai Wealth op 4th"]
[Site "Mumbai"]
[Date "2019.01.02"]
[Round "4"]
[White "Gandhi, Anish"]
[Black "Sarwat, Walaa"]
[Result "1-0"]
[WhiteElo "2134"]
[BlackElo "2276"]
[PlyCount "92"]
[EventDate "2018.12.30"]
[EventType "swiss"]
[EventRounds "9"]
[EventCountry "IND"]
[SourceTitle "CBM 188 Extra"]
[Source "ChessBase"]
[SourceDate "2019.02.28"]
[SourceVersion "1"]
[SourceVersionDate "2019.02.28"]
[SourceQuality "1"]

1. e4 e5 2. Nf3 Nc6 3. Bb5 a6 4. Ba4 Nf6 5. 0-0 Be7 6. d3 b5 7. Bb3 d6 8. a3 0-0 9. Nc3 Be6 10. Nd5 Bxd5 11. exd5 Nb8 12. Re1 Nfd7 13. d4 Bf6 14. a4 bxa4 15. Bxa4 exd4 16. Nxd4 Nc5 17. Be3 Nxa4 18. Rxa4 Qc8 19. Qd3 Qb7 20. Nf5 Nd7 21. b3 Rfe8 22. Rd1 h5 23. h3 g6 24. Nh6+ Kg7 25. g4 Nc5 26. Bxc5 dxc5 27. Rf4 c4 28. bxc4 Bg5 29. Rxf7+ Kxh6 30. Qd4 Rg8 31. f4 Bxf4 32. Qxf4+ g5 33. Rf6+ Rg6 34. Rxg6+ Kxg6 35. Qf5+ Kh6 36. Qf6+ Kh7 37. Qf7+ Kh8 38. Qxh5+ Kg8 39. Qxg5+ Kh8 40. Qf6+ Kg8 41. Qg6+ Kh8 42. Re1 Rf8 43. Kg2 Qb4 44. Qh5+ Kg8 45. Qg5+ Kh8 46. Re7 Qd2+ 1-0

[Event "Bhopal op"]
[Site "Bhopal"]
[Date "2018.12.25"]
[Round "7"]
[White "Sri, Sai Baswanth P"]
[Black "Sarwat, Walaa"]
[Result "1-0"]
[WhiteElo "1921"]
[BlackElo "2276"]
[PlyCount "63"]
[EventDate "2018.12.21"]
[EventType "swiss"]
[EventRounds "10"]
[EventCountry "IND"]
[SourceTitle "CBM 188 Extra"]
[Source "ChessBase"]
[SourceDate "2019.02.28"]
[SourceVersion "1"]
[SourceVersionDate "2019.02.28"]
[SourceQuality "1"]

1. d4 d5 2. Bf4 Nf6 3. e3 c5 4. c3 Nc6 5. Nd2 Bf5 6. Qb3 Qb6 7. dxc5 Qxb3 8. axb3 e5 9. Bg3 Bxc5 10. Ngf3 d4 11. b4 dxe3 12. fxe3 Bb6 13. b5 Ne7 14. Bxe5 Ng4 15. Bxg7 Rg8 16. Bd4 Nxe3 17. Bxe3 Bxe3 18. Nc4 Bf4 19. g3 Bc7 20. b6 Bb8 21. Kf2 Nd5 22. Bg2 Be6 23. Nd4 Rg4 24. Ra5 Rg5 25. Ne3 Nxe3 26. Rxg5 Nxg2 27. Rg8+ Ke7 28. Nxe6 fxe6 29. Kxg2 axb6 30. Rf1 Kd7 31. Rff8 Kc7 32. Rc8+ 1-0

[Event "Bhopal op"]
[Site "Bhopal"]
[Date "2018.12.24"]
[Round "5"]
[White "Saranya, Y."]
[Black "Sarwat, Walaa"]
[Result "1/2-1/2"]
[WhiteElo "1935"]
[BlackElo "2276"]
[PlyCount "76"]
[EventDate "2018.12.21"]
[EventType "swiss"]
[EventRounds "10"]
[EventCountry "IND"]
[SourceTitle "CBM 188 Extra"]
[Source "ChessBase"]
[SourceDate "2019.02.28"]
[SourceVersion "1"]
[SourceVersionDate "2019.02.28"]
[SourceQuality "1"]

1. e4 e5 2. Nf3 Nc6 3. d4 exd4 4. Nxd4 Nf6 5. Nxc6 bxc6 6. Nc3 Bb4 7. Bd3 d5 8. exd5 Qe7+ 9. Qe2 Qxe2+ 10. Kxe2 cxd5 11. Bd2 c5 12. b3 0-0 13. Nb1 Re8+ 14. Kf1 Ne4 15. Bxb4 cxb4 16. a3 bxa3 17. Nxa3 a6 18. f3 Nc5 19. Rd1 Rd8 20. Kf2 Rb8 21. Rhe1 Kf8 22. Bf1 Be6 23. Rd4 a5 24. Nb5 Bf5 25. Rd2 Ne6 26. Ra1 Ra8 27. g3 Rdc8 28. c4 dxc4 29. Bxc4 Nc5 30. Nd6 Rd8 31. Rd5 Be6 32. Rxc5 Rxd6 33. Bxe6 fxe6 34. Rcxa5 Rd2+ 35. Kg1 Rxa5 36. Rxa5 Rd3 37. f4 Rxb3 38. Rb5 Rc3 1/2-1/2

[Event "Monastir op"]
[Site "Monastir"]
[Date "2018.09.04"]
[Round "4"]
[White "Boulaares, Adam"]
[Black "Sarwat, Walaa"]
[Result "0-1"]
[WhiteElo "1509"]
[BlackElo "2264"]
[PlyCount "94"]
[EventDate "2018.09.02"]
[EventType "swiss"]
[EventRounds "9"]
[EventCountry "TUN"]
[SourceTitle "EXT 2019"]
[Source "ChessBase"]
[SourceDate "2018.10.10"]
[SourceVersion "1"]
[SourceVersionDate "2018.10.10"]
[SourceQuality "1"]

1. e4 e5 2. Nf3 Nc6 3. Bb5 a6 4. Ba4 Nf6 5. d3 b5 6. Bb3 Be7 7. Nc3 d6 8. h3 Na5 9. Ne2 Nxb3 10. axb3 c5 11. c4 Rb8 12. 0-0 0-0 13. Ng3 Ne8 14. Nh2 Bg5 15. Nf5 Bxf5 16. exf5 Nc7 17. Ng4 h5 18. Ne3 g6 19. Qc2 Qf6 20. Qe2 Kg7 21. g3 bxc4 22. bxc4 Rfe8 23. Qf3 Rb6 24. h4 Bh6 25. Kg2 Bxe3 26. fxe3 Qxf5 27. Qxf5 gxf5 28. Rxf5 Rb3 29. Rg5+ Kf6 30. Rxh5 Rxd3 31. Ra3 Rd1 32. Rc3 a5 33. g4 Rg8 34. Rh6+ Rg6 35. e4 Kg7 36. Rxg6+ fxg6 37. h5 gxh5 38. gxh5 Ne6 39. Kh3 Nd4 40. Be3 Rb1 41. Bxd4 exd4 42. Rg3+ Kf6 43. Rg2 Rh1+ 44. Kg4 Ke5 45. Kg5 d3 46. Kg6 Kxe4 47. h6 Ke5 0-1

[Event "Monastir op"]
[Site "Monastir"]
[Date "2018.09.03"]
[Round "2"]
[White "Alborki, Mohamed A"]
[Black "Sarwat, Walaa"]
[Result "1/2-1/2"]
[WhiteElo "1865"]
[BlackElo "2264"]
[PlyCount "45"]
[EventDate "2018.09.02"]
[EventType "swiss"]
[EventRounds "9"]
[EventCountry "TUN"]
[SourceTitle "EXT 2019"]
[Source "ChessBase"]
[SourceDate "2018.10.10"]
[SourceVersion "1"]
[SourceVersionDate "2018.10.10"]
[SourceQuality "1"]

1. d4 d5 2. Nf3 Nf6 3. c4 g6 4. g3 Bg7 5. Bg2 0-0 6. 0-0 c6 7. Nbd2 dxc4 8. Nxc4 Be6 9. b3 Bd5 10. Bb2 Na6 11. Re1 c5 12. Nfd2 Bxg2 13. Kxg2 Nd5 14. Nf3 Rc8 15. a3 cxd4 16. Bxd4 Nc5 17. Bxg7 Kxg7 18. Rc1 Nf6 19. b4 Nce4 20. Qb3 Ng4 21. Rf1 Qd5 22. h3 Ngf6 23. Rfd1 1/2-1/2